Том 10 : Вып. 39; Труды семинара по теории машин и механизмов

Détails bibliographiques
Parent link:Труды семинара по теории машин и механизмов: [сборник научных трудов]/ Академия наук СССР (АН СССР), Институт машиноведения им. А. А. Благонравова (ИМАШ) ; отв. ред. И. И. Артоболевский. Том 10 : Вып. 39.— , 1947-1963
Langue:russe
Publié: 1951
Sujets:
Format: MixedMaterials Livre
KOHA link:https://koha.lib.tpu.ru/cgi-bin/koha/opac-detail.pl?biblionumber=79108

MARC

LEADER 00000nam2a2200000 4500
001 79108
005 20231101213033.0
035 |a (RuTPU)RU\TPU\book\85007 
035 |a RU\TPU\book\84988 
035 |a RU\TPU\book\84991 
090 |a 79108 
100 |a 20050722d1951 k y0rusy50 ca 
101 0 |a rus 
102 |a RU 
105 |a a z 001zy 
200 0 |a Том 10 : Вып. 39 
210 |d 1951 
215 |a 75 с.  |c ил. 
320 |a Библиогр. в конце ст. 
461 1 |0 (RuTPU)RU\TPU\book\84522  |t Труды семинара по теории машин и механизмов  |o [сборник научных трудов]  |f Академия наук СССР (АН СССР), Институт машиноведения им. А. А. Благонравова (ИМАШ) ; отв. ред. И. И. Артоболевский  |v Том 10 : Вып. 39  |d 1947-1963 
606 1 |a Механизмы и машины  |x Теория  |2 stltpush  |3 (RuTPU)RU\TPU\subj\64695  |9 81456 
610 1 |a червячные передачи 
610 1 |a зацепления 
610 1 |a кулачковые механизмы 
610 1 |a кривизна 
610 1 |a износоустойчивость 
675 |a 621.01  |v 3 
801 1 |a RU  |b 63413507  |c 20050725  |g PSBO 
801 2 |a RU  |b 63413507  |c 20220506  |g PSBO 
942 |c BK